La Economía agropecuaria mexicana y el TLCAN /
El tratado de Libre Comercio de América del Norte desgravó casi la totalidad de los partidas arancelarias agropecuarias sólo unas cuantas quedaron con un plazo de desgravación de 15 años. Los autores concluyen que aunque hay evidencias de efectos positivos en algunos productos y a favor de algunos...
Guardado en:
| Hovedforfatter: | |
|---|---|
| Andre forfattere: | |
| Format: | Texto |
| Fag: | |
| Tags: |
Tilføj Tag
Ingen Tags, Vær først til at tagge denne postø!
|
MARC
| LEADER | 00000 a a2200000 04500 | ||
|---|---|---|---|
| 001 | 3609 | ||
| 003 | |||
| 040 | |||
| 100 | |a Mella, José María | ||
| 245 | |a La Economía agropecuaria mexicana y el TLCAN / |c José María Mella ; Alfonso Mercado | ||
| 500 | |a Resumen también en inglés páginas 271 | ||
| 520 | |a El tratado de Libre Comercio de América del Norte desgravó casi la totalidad de los partidas arancelarias agropecuarias |a sólo unas cuantas quedaron con un plazo de desgravación de 15 años. Los autores concluyen que aunque hay evidencias de efectos positivos en algunos productos y a favor de algunos productores, las tendencias han sido deficitarias | ||
| 650 | |a SECTOR AGROPECUARIO | ||
| 650 | |a TLCAN | ||
| 650 | |a COMERCIO AGRICOLA | ||
| 650 | |a CRECIMIENTO ECONOMICO | ||
| 650 | |a INVERSIONES DIRECTAS | ||
| 650 | |a ARANCELES | ||
| 650 | |a SECTOR AGROPECUARIO | ||
| 650 | |a COMPETITIVIDAD | ||
| 650 | |a COMERCIO AGRICOLA | ||
| 700 | |a Mercado, Alfonso | ||
| 773 | |g volumen 56, número 3; páginas 181-193 | ||
| 999 | |c 31656 |d 31656 | ||
